| 000 | nam a22 a 4500 | ||
|---|---|---|---|
| 999 |
_c759 _d759 |
||
| 003 | 983690006 | ||
| 005 | 20170505093145.0 | ||
| 008 | 170505s1989 my g 00 may d | ||
| 020 | _a983690006 (kkt.) | ||
| 040 | _aAKMAL | ||
| 082 | 0 | 4 | _a297.1 ABD |
| 090 |
_a297.1 _bABD |
||
| 100 |
_aMahmood Zuhdi Hj. Abdul Majid, _cDato', _d1945- _91645 |
||
| 245 | 1 |
_aUndang-undang keluarga Islam : _bkonsep dan perlaksanaanya di Malaysia / _cMahmood Zuhdi Hj. Abdul Majid, Raihanah Hj. Azahari |
|
| 260 |
_aKuala Lumpur : _bKarya Abazie, _c1989 |
||
| 300 |
_a242ms. ; _c19cm |
||
| 504 | _aBibliografi: ms. 236-242 | ||
| 505 | 0 | _aMengandungi ayat-ayat dari Quran | |
| 650 | 1 |
_aDomestic relations (Islamic law) _91646 |
|
| 650 | 2 |
_aDomestic relations _zMalaysia _91647 |
|
| 700 | 0 |
_aRaihanah Hj. Azahari _91648 |
|
| 942 |
_2ddc _cBOOK |
||